[Event "FIDE WCC Blitz Women 2019"]
[Site "Moscow"]
[Date "2019.12.30"]
[Round "14.53"]
[White "Barchuk, Irina"]
[Black "Afonasieva, Anna"]
[Result "1-0"]
[WhiteElo "2047"]
[BlackElo "2099"]
[Annotator "NA"]
[PlyCount "111"]
[EventDate "2019.12.29"]
[EventType "swiss"]
[EventCountry "RUS"]
[SourceTitle "playchess.com"]
[Source "ChessBase"]
[SourceQuality "1"]

1. e4 c5 2. Nc3 Nc6 3. d3 d6 4. Be3 g6 5. d4 cxd4 6. Bxd4 e5 7. Be3 Be6 8. Nf3 Bg7 9. Nb5 Bf8 10. c4 a6 11. Nc3 Bg7 12. Qd2 Qc7 13. Be2 Nge7 14. O-O O-O 15. Rfd1 Rad8 16. Nd5 Bxd5 17. cxd5 Nb8 18. Rdc1 Qd7 19. Rc2 Rc8 20. Rac1 Rxc2 21. Rxc2 Rc8 22. Qc1 Rxc2 23. Qxc2 Qc8 24. Qxc8+ Nxc8 25. Nd2 f5 26. f3 Nd7 27. a4 Nf6 28. Bd3 f4 29. Bf2 Bf8 30. Nc4 Be7 31. Na5 b6 32. Bxa6 bxa5 33. Bxc8 Bd8 34. Kf1 Kf8 35. Ke2 Ke7 36. Kd3 g5 37. Kc4 h5 38. Kb5 g4 39. Be1 Bc7 40. Bxa5 Bb8 41. Be1 Ba7 42. Bh4 Bg1 43. h3 gxf3 44. gxf3 Kf7 45. Be6+ Kg7 46. Bxf6+ Kxf6 47. b4 Kg5 48. Kc6 Kh4 49. Bf7 Kxh3 50. Bxh5 Kh4 51. Bg4 Bd4 52. Kxd6 Kg5 53. Ke6 Kg6 54. a5 Kg7 55. d6 Kf8 56. d7 1-0

[Event "FIDE WCC Blitz Women 2019"]
[Site "Moscow"]
[Date "2019.12.30"]
[Round "14.54"]
[White "Komiagina, Maria"]
[Black "Shafigullina, Zarina"]
[Result "0-1"]
[WhiteElo "2106"]
[BlackElo "2052"]
[Annotator "NA"]
[PlyCount "74"]
[EventDate "2019.12.29"]
[EventType "swiss"]
[EventCountry "RUS"]
[SourceTitle "playchess.com"]
[Source "ChessBase"]
[SourceQuality "1"]

1. e4 c5 2. Nf3 Nc6 3. Bb5 g6 4. Bxc6 bxc6 5. O-O Bg7 6. Re1 Nh6 7. c3 f6 8. d4 Qb6 9. d5 cxd5 10. exd5 Nf7 11. Nbd2 Ba6 12. Nf1 Ne5 13. Nxe5 fxe5 14. Qf3 Bb7 15. Ng3 Qf6 16. Qe3 Bxd5 17. Qxc5 Qc6 18. Qxc6 Bxc6 19. Bg5 Rb8 20. b3 a5 21. Rad1 a4 22. b4 Rb5 23. a3 Bd5 24. f4 h6 25. Bh4 Bb3 26. Rd3 e6 27. Ne4 O-O 28. fxe5 Rxe5 29. Rxd7 Bd5 30. Nd2 g5 31. Rxe5 Bxe5 32. Bf2 Bxc3 33. Nf1 Bb2 34. Ne3 Bd4 35. Ng4 Bxf2+ 36. Nxf2 Rc8 37. Ra7 Rc1+ 0-1

[Event "FIDE WCC Blitz Women 2019"]
[Site "Moscow"]
[Date "2019.12.30"]
[Round "14.55"]
[White "Ovezdurdiyeva, Jemal"]
[Black "Mikhaylova, Irina"]
[Result "0-1"]
[WhiteElo "1877"]
[BlackElo "2090"]
[Annotator "NA"]
[PlyCount "142"]
[EventDate "2019.12.29"]
[EventType "swiss"]
[EventCountry "RUS"]
[SourceTitle "playchess.com"]
[Source "ChessBase"]
[SourceQuality "1"]

1. d4 Nf6 2. c4 g6 3. Nc3 d5 4. Bg5 Bg7 5. Bxf6 Bxf6 6. Nxd5 Bg7 7. e3 c5 8. Nf3 Nc6 9. Be2 e6 10. Nc3 cxd4 11. exd4 Nxd4 12. Nxd4 Bxd4 13. O-O Bxc3 14. bxc3 O-O 15. Qb3 Qc7 16. Rfd1 b6 17. Rd3 Ba6 18. Rh3 Rac8 19. Rh4 Qe7 20. Rh3 Rc5 21. Qa4 Bc8 22. Re1 Qc7 23. Qc2 e5 24. Rh4 Be6 25. Qd2 f6 26. Bd3 Rf7 27. Qh6 Rg7 28. Rd1 f5 29. Qg5 Qe7 30. Qh6 e4 31. Bc2 Bxc4 32. h3 Be6 33. a4 Rc7 34. Qd2 Rd7 35. Qe2 Rxd1+ 36. Qxd1 Qd7 37. Qe2 Qc6 38. Qd2 Rd7 39. Qe3 Qc5 40. Qg3 Qd6 41. Qe3 Qd2 42. Qg3 Qxc2 43. Qb8+ Kg7 44. Qe5+ Kf8 45. Qxe6 Qd1+ 46. Kh2 Qd6+ 47. Qxd6+ Rxd6 48. Rxh7 Rc6 49. Rxa7 Rxc3 50. Rb7 Rc6 51. Kg3 Rc3+ 52. Kf4 Rc2 53. Kg3 Rc3+ 54. Kf4 Rc2 55. Kg3 Rc6 56. Kf4 Kg8 57. h4 Kf8 58. Kg5 Rc2 59. Rxb6 Rxf2 60. g3 Kf7 61. Rxg6 e3 62. Rf6+ Ke7 63. a5 e2 64. a6 e1=Q 65. a7 Qe3+ 66. Kh5 Qxa7 67. Rg6 Kf7 68. Kh6 Qe3+ 69. Kh5 f4 70. gxf4 Rxf4 71. Rg5 Qe8 0-1

[Event "FIDE WCC Blitz Women 2019"]
[Site "Moscow"]
[Date "2019.12.30"]
[Round "14.56"]
[White "Karavaeva, Olga"]
[Black "Muetsch, Annmarie"]
[Result "1-0"]
[WhiteElo "2174"]
[BlackElo "2202"]
[Annotator "NA"]
[PlyCount "99"]
[EventDate "2019.12.29"]
[EventType "swiss"]
[EventCountry "RUS"]
[SourceTitle "playchess.com"]
[Source "ChessBase"]
[SourceQuality "1"]

1. c4 Nf6 2. Nc3 g6 3. g3 Bg7 4. Bg2 O-O 5. b3 d6 6. Bb2 c5 7. Nf3 Nc6 8. O-O Bd7 9. e3 Qc8 10. Re1 Bh3 11. d4 Bxg2 12. Kxg2 h5 13. d5 Nb8 14. Qc2 Nbd7 15. Ne2 Re8 16. Rad1 Nf8 17. Nf4 N8h7 18. h4 Ng4 19. Bxg7 Kxg7 20. Qc3+ Nhf6 21. e4 a6 22. e5 dxe5 23. Nxe5 Nxe5 24. Rxe5 Qd7 25. a4 Qd6 26. Rde1 Kf8 27. Qc2 Ng4 28. Re6 Qd8 29. Rxg6 fxg6 30. Qxg6 e5 31. dxe6 Qf6 32. Qxh5 Qg7 33. Ng6+ Kg8 34. Qxg4 Rad8 35. h5 Rd4 36. Qf5 Rdd8 37. e7 Rd6 38. Qf8+ Rxf8 39. exf8=Q+ Qxf8 40. Nxf8 Kxf8 41. Re3 Kg7 42. g4 Kh6 43. f4 Rd4 44. Kf3 Rd1 45. Re6+ Kg7 46. g5 Rd3+ 47. Kg4 Rxb3 48. h6+ Kh7 49. Re7+ Kg8 50. g6 1-0

[Event "FIDE WCC Blitz Women 2019"]
[Site "Moscow"]
[Date "2019.12.30"]
[Round "14.57"]
[White "Bogumil, Tatiana"]
[Black "Agrest, Inna"]
[Result "0-1"]
[WhiteElo "1996"]
[BlackElo "2180"]
[Annotator "NA"]
[PlyCount "110"]
[EventDate "2019.12.29"]
[EventType "swiss"]
[EventCountry "RUS"]
[SourceTitle "playchess.com"]
[Source "ChessBase"]
[SourceQuality "1"]

1. Nf3 Nf6 2. c4 g6 3. b3 Bg7 4. Bb2 O-O 5. g3 d6 6. d4 Nbd7 7. d5 c6 8. dxc6 bxc6 9. Bg2 Bb7 10. O-O a5 11. Nc3 Nc5 12. Qc2 Qc7 13. Rad1 Bc8 14. Nd4 Ra6 15. e4 Nfd7 16. h3 h5 17. Rfe1 h4 18. g4 e5 19. Nf3 Bf6 20. Qd2 Be7 21. Qh6 Qd8 22. Bc1 Ne6 23. g5 Nf4 24. Qxh4 Nxg2 25. Kxg2 Nc5 26. Nxe5 Ne6 27. Nf3 Qb6 28. Nh2 Qb4 29. Re3 f6 30. Ng4 fxg5 31. Qh6 Nf4+ 32. Kg1 Qc5 33. f3 Ra7 34. Kh2 Bxg4 35. hxg4 Bf6 36. Ne2 Rh7 37. Qxh7+ Kxh7 38. Kg3 Kg7 39. Ng1 Qe5 40. Kf2 Ne6 41. Red3 Rd8 42. Ne2 Qc5+ 43. Kg2 Be5 44. Be3 Qb4 45. Nd4 Nxd4 46. Bxd4 Bxd4 47. Rxd4 a4 48. c5 Qxc5 49. b4 Qc2+ 50. R1d2 Qc1 51. Kf2 Qh1 52. a3 Qh2+ 53. Ke3 Qf4+ 54. Kd3 Qxf3+ 55. Kc2 Qxa3 0-1

[Event "FIDE WCC Blitz Women 2019"]
[Site "Moscow"]
[Date "2019.12.30"]
[Round "14.58"]
[White "Munkhzul, Davaakhuu"]
[Black "Lelekova, Olga"]
[Result "1/2-1/2"]
[WhiteElo "1973"]
[BlackElo "2176"]
[Annotator "NA"]
[PlyCount "147"]
[EventDate "2019.12.29"]
[EventType "swiss"]
[EventCountry "RUS"]
[SourceTitle "playchess.com"]
[Source "ChessBase"]
[SourceQuality "1"]

1. e4 c5 2. Nf3 Nc6 3. d4 cxd4 4. Nxd4 Qb6 5. Nb3 Nf6 6. Nc3 e6 7. Be3 Qc7 8. a3 a6 9. g4 d6 10. Bg2 Rb8 11. f4 b5 12. g5 Nd7 13. f5 Nde5 14. fxe6 Bxe6 15. Nd5 Bxd5 16. Qxd5 Nc4 17. Bf4 N6e5 18. O-O Be7 19. Nd4 O-O 20. Nf5 Bd8 21. Nxd6 Ng6 22. Bg3 Ne3 23. Qd3 Nxf1 24. Rxf1 Qb6+ 25. Kh1 Bc7 26. e5 Rbd8 27. Qd5 Nxe5 28. Bxe5 Bxd6 29. Bd4 Qc7 30. Qf5 Bxh2 31. Be4 g6 32. Qf6 Rxd4 33. Qxd4 Be5 34. Qd3 Qc5 35. b4 Qc7 36. Qh3 Re8 37. Kg2 Qd6 38. Rh1 Qd2+ 39. Kf1 Qf4+ 40. Bf3 Bg7 41. Qxh7+ Kf8 42. Qh3 Re6 43. Kg2 Qd2+ 44. Kg1 Qxg5+ 45. Kf2 Qe3+ 46. Kf1 Rf6 47. Kg2 Qg5+ 48. Kf2 Qf5 49. Qxf5 Rxf5 50. Rd1 Ke7 51. Re1+ Kd6 52. Rd1+ Ke7 53. Re1+ Be5 54. Kg2 Ke6 55. Bg4 Kf6 56. Bxf5 Kxf5 57. Rf1+ Ke6 58. Kf3 g5 59. Kg4 Bf4 60. Re1+ Kf6 61. Re4 Kg6 62. Re8 f5+ 63. Kf3 Kf6 64. Ra8 Bd6 65. Rxa6 Ke5 66. Rb6 g4+ 67. Kg2 Kd5 68. Rxb5+ Ke4 69. a4 f4 70. Rg5 f3+ 71. Kf1 g3 72. b5 g2+ 73. Rxg2 fxg2+ 74. Kxg2 1/2-1/2

[Event "FIDE WCC Blitz Women 2019"]
[Site "Moscow"]
[Date "2019.12.30"]
[Round "14.59"]
[White "Fatianova, Tatiana"]
[Black "Antonova, Nadezhda"]
[Result "1-0"]
[WhiteElo "2029"]
[BlackElo "1914"]
[Annotator "NA"]
[PlyCount "81"]
[EventDate "2019.12.29"]
[EventType "swiss"]
[EventCountry "RUS"]
[SourceTitle "playchess.com"]
[Source "ChessBase"]
[SourceQuality "1"]

1. e4 d6 2. d4 Nf6 3. Nc3 e5 4. dxe5 dxe5 5. Qxd8+ Kxd8 6. Bc4 Ke8 7. Nf3 Bd6 8. Bg5 c6 9. O-O-O Bc7 10. Bh4 Nbd7 11. a3 b5 12. Bb3 a5 13. Rhe1 Nc5 14. Bg3 b4 15. Na4 Nxb3+ 16. cxb3 Nd7 17. Kb1 Ba6 18. Ka2 f6 19. Rc1 Bb5 20. Nc5 Nxc5 21. Rxc5 Bb6 22. Rcc1 Ke7 23. Nh4 g6 24. f4 Bd4 25. fxe5 fxe5 26. Nf3 Ke6 27. a4 Ba6 28. Rxc6+ Kd7 29. Nxd4 exd4 30. Rd6+ Ke7 31. Rxd4 Rac8 32. Bd6+ Ke6 33. Rd2 Rhd8 34. e5 Rd7 35. Rf2 Rb7 36. Rd1 Rf7 37. Rfd2 Rc6 38. Bb8 Rf5 39. Rd6+ Rxd6 40. Rxd6+ Ke7 41. Rxa6 1-0

[Event "FIDE WCC Blitz Women 2019"]
[Site "Moscow"]
[Date "2019.12.30"]
[Round "14.60"]
[White "Nur-Mukhametova, Alisa"]
[Black "Sgircea, Silvia-Raluca"]
[Result "1/2-1/2"]
[WhiteElo "1832"]
[BlackElo "2154"]
[Annotator "NA"]
[PlyCount "285"]
[EventDate "2019.12.29"]
[EventType "swiss"]
[EventCountry "RUS"]
[SourceTitle "playchess.com"]
[Source "ChessBase"]
[SourceQuality "1"]

1. e4 c5 2. Nf3 Nc6 3. Bb5 g6 4. O-O Bg7 5. c3 a6 6. Ba4 Nf6 7. Re1 O-O 8. e5 Nd5 9. d4 cxd4 10. cxd4 d6 11. Bb3 Nb6 12. e6 fxe6 13. Bxe6+ Bxe6 14. Rxe6 d5 15. Nc3 Qd7 16. Re1 h6 17. Be3 Kh7 18. b3 Rf7 19. Rc1 Raf8 20. Qe2 Nc8 21. Red1 e6 22. Ne5 Nxe5 23. dxe5 Bxe5 24. Ne4 Bg7 25. Nc5 Qe7 26. Nd3 Nd6 27. Bc5 Qd7 28. f3 Nf5 29. Ne5 Bxe5 30. Qxe5 Rf6 31. Re1 Ne7 32. b4 Nc6 33. Qe2 e5 34. Rcd1 d4 35. a4 Qd5 36. Qe4 Qxe4 37. Rxe4 Rc8 38. b5 axb5 39. axb5 Na5 40. Rxe5 Nc4 41. Bxd4 Nxe5 42. Bxe5 Rf7 43. b6 h5 44. Bc7 Re8 45. Kf2 Rfe7 46. Rd2 Kg7 47. Rc2 Re6 48. f4 Re4 49. Be5+ Kf7 50. Rc7+ Re7 51. Rc8 Rb4 52. Bd6 Rb2+ 53. Kf3 Ree2 54. Rc7+ Ke6 55. Re7+ Kxd6 56. Rxe2 Rxb6 57. h3 Rb3+ 58. Ke4 Ke6 59. Rd2 Rb4+ 60. Kf3 b5 61. Re2+ Kf6 62. Rc2 Rb3+ 63. Ke4 Ra3 64. Rc6+ Kf7 65. Rb6 Rb3 66. Kd4 Rb2 67. g4 h4 68. Kc5 Rb3 69. Rxb5 Rxh3 70. Kd5 Re3 71. Kd4 Re1 72. Rb3 Rg1 73. g5 Rf1 74. Ke4 Rf2 75. Rh3 Re2+ 76. Kf3 Ra2 77. Rxh4 Ra4 78. Rh7+ Kf8 79. Rb7 Ra5 80. Kg4 Ra4 81. Kf3 Ra5 82. Ke3 Ra4 83. Rb6 Kf7 84. Rf6+ Kg7 85. Kf3 Rb4 86. Kg4 Ra4 87. Re6 Rb4 88. Kf3 Ra4 89. Re4 Ra5 90. Re5 Ra4 91. Re4 Ra5 92. Re5 Ra4 93. Re7+ Kf8 94. Re4 Ra3+ 95. Kg4 Ra5 96. Re5 Ra4 97. Kf3 Kg7 98. Re7+ Kf8 99. Re4 Ra3+ 100. Re3 Ra4 101. Re4 Ra3+ 102. Re3 Ra4 103. Kg4 Kf7 104. Rf3 Rb4 105. Kg3 Rb5 106. Re3 Ra5 107. Re5 Ra3+ 108. Kf2 Ra4 109. Ke3 Ra3+ 110. Ke4 Ra4+ 111. Ke3 Ra3+ 112. Ke4 Ra4+ 113. Kf3 Ra3+ 114. Re3 Ra5 115. Rb3 Rc5 116. Ke3 Ra5 117. Rb4 Rc5 118. Kd4 Rf5 119. Ke4 Ra5 120. Rb7+ Kf8 121. Rc7 Rb5 122. Kd4 Ra5 123. Rc5 Ra1 124. Ke5 Ra6 125. Rd5 Kf7 126. Rd7+ Kf8 127. Rd6 Ra5+ 128. Ke6 Rf5 129. Rd4 Kg7 130. Re4 Kf8 131. Ra4 Kg7 132. Ra7+ Kg8 133. Ra8+ Kg7 134. Ra7+ Kg8 135. Ra8+ Kg7 136. Ra4 Kf8 137. Kd6 Kg7 138. Re4 Kf7 139. Re7+ Kf8 140. Re6 Rxf4 141. Rxg6 Kf7 142. Rh6 Rg4 143. Rh7+ 1/2-1/2

[Event "FIDE WCC Blitz Women 2019"]
[Site "Moscow"]
[Date "2019.12.30"]
[Round "14.61"]
[White "Guindy, Esmat Susanne"]
[Black "Novikova, Anna"]
[Result "1/2-1/2"]
[WhiteElo "2120"]
[BlackElo "2045"]
[Annotator "NA"]
[PlyCount "99"]
[EventDate "2019.12.29"]
[EventType "swiss"]
[EventCountry "RUS"]
[SourceTitle "playchess.com"]
[Source "ChessBase"]
[SourceQuality "1"]

1. d4 d5 2. c4 e6 3. Nc3 c6 4. cxd5 exd5 5. Nf3 Bd6 6. Bg5 Be7 7. Bf4 Nf6 8. h3 Bf5 9. Qb3 Qb6 10. Qxb6 axb6 11. e3 b5 12. g4 Bg6 13. Ne5 Nbd7 14. Nxg6 hxg6 15. Bg2 Nb6 16. b3 Bb4 17. Kd2 Ne4+ 18. Bxe4 dxe4 19. Kc2 Bxc3 20. Kxc3 Nd5+ 21. Kd2 Kd7 22. Bg3 g5 23. h4 gxh4 24. Rxh4 Rxh4 25. Bxh4 f6 26. a3 g5 27. Bg3 b4 28. a4 Ra5 29. Kc2 b5 30. Kb2 Nc3 31. axb5 Rxa1 32. bxc6+ Kxc6 33. Kxa1 Nd5 34. Kb2 Ne7 35. Kc2 Ng8 36. Kd2 Nh6 37. Ke2 Nxg4 38. f3 exf3+ 39. Kxf3 Nh6 40. e4 Kd7 41. e5 fxe5 42. dxe5 Ke6 43. Ke4 Nf7 44. Be1 Nxe5 45. Bxb4 Ng6 46. Be1 Ne7 47. b4 Kd7 48. Ke5 Nc6+ 49. Kf5 Nxb4 50. Bxb4 1/2-1/2

[Event "FIDE WCC Blitz Women 2019"]
[Site "Moscow"]
[Date "2019.12.30"]
[Round "15.1"]
[White "Lagno, Kateryna"]
[Black "Charochkina, Daria"]
[Result "1-0"]
[WhiteElo "2606"]
[BlackElo "2212"]
[Annotator "ChessBase"]
[PlyCount "139"]
[EventDate "2019.12.29"]
[EventType "swiss"]
[EventCountry "RUS"]
[SourceTitle "playchess.com"]
[Source "ChessBase"]
[SourceQuality "1"]

1. e4 c6 2. d4 d5 3. Nd2 dxe4 4. Nxe4 Bf5 5. Ng3 Bg6 6. h4 h6 7. Nf3 Nd7 8. Bd3 Bxd3 9. Qxd3 e6 10. Bf4 Qa5+ 11. Bd2 Bb4 12. Ne4 Ngf6 13. Nd6+ Ke7 14. Nxb7 Bxd2+ 15. Nxd2 Qb4 16. Qb3 Qxd4 17. O-O-O Qb6 18. Qa3+ c5 19. Na5 Rhc8 20. Ndc4 Qb4 21. Qf3 Kf8 22. g4 Rab8 23. a3 Qb5 24. g5 Ne5 25. Qe2 Nxc4 26. Nxc4 Nd5 27. gxh6 gxh6 28. Qe4 Nf6 29. Qf4 Nd5 30. Qxh6+ Ke7 31. Qg5+ Kd7 32. Qf4 Kc6 33. Qd6+ Kb7 34. Qxd5+ exd5 35. Nd6+ Kc6 36. Nxb5 Rxb5 37. h5 c4 38. h6 Rh8 39. h7 Kc5 40. Rh5 Kc6 41. Rg1 Rbb8 42. Rgg5 Rbd8 43. Rg7 Rdf8 44. Rf5 Kd6 45. Rfxf7 Rxf7 46. Rxf7 a5 47. Kd2 Ke6 48. Ra7 Ke5 49. Kc3 Kd6 50. Kd4 Rf8 51. Rg7 Rf4+ 52. Ke3 Rh4 53. f4 Ke6 54. Kf3 Kf5 55. Kg3 Rh1 56. Rg5+ Ke6 57. Rg7 Kf6 58. Ra7 Ke6 59. Kf3 Kf6 60. Ke3 Ke6 61. Kd4 Rd1+ 62. Kc5 Rh1 63. Ra6+ Kf5 64. Kxd5 Rxh7 65. Kxc4 Rc7+ 66. Kd3 Rb7 67. Rxa5+ Kxf4 68. b4 Rd7+ 69. Kc3 Ke4 70. Kb3 1-0

[Event "FIDE WCC Blitz Women 2019"]
[Site "Moscow"]
[Date "2019.12.30"]
[Round "15.2"]
[White "Muzychuk, Anna"]
[Black "Paehtz, Elisabeth"]
[Result "1/2-1/2"]
[WhiteElo "2504"]
[BlackElo "2380"]
[Annotator "TA"]
[PlyCount "113"]
[EventDate "2019.12.29"]
[EventType "swiss"]
[EventCountry "RUS"]
[SourceTitle "playchess.com"]
[Source "ChessBase"]
[SourceQuality "1"]

1. e4 c6 2. d4 d5 3. Nc3 dxe4 4. Nxe4 Nf6 5. Nxf6+ exf6 6. c3 Bd6 7. Bd3 O-O 8. Qc2 Re8+ 9. Ne2 h5 10. Be3 Nd7 11. Ng3 Nf8 12. Nxh5 g6 13. Ng3 f5 14. Ne2 f4 15. Bd2 Bg4 16. f3 Qh4+ 17. Kf1 Bd7 18. Be1 Qh5 19. Bd2 Ne6 20. Qc1 Qh4 21. Kg1 g5 22. g3 Qh5 23. Qf1 Ng7 24. h4 g4 25. Bxf4 gxf3 26. Bxd6 fxe2 27. Qf2 Bf5 28. Bxf5 Nxf5 29. Be5 Qg4 30. Re1 f6 31. Qf4 Qxf4 32. Bxf4 Re4 33. Rh2 Rae8 34. Rf2 Ng7 35. Rf3 Nh5 36. Bd2 Kg7 37. Kf2 Kg6 38. Re3 Rxe3 39. Bxe3 Nxg3 40. Rg1 e1=Q+ 41. Rxe1 Nf5 42. Rg1+ Kh5 43. Bg5 Nxh4 44. Bxh4 Kxh4 45. Rg7 Rb8 46. Kf3 Kh5 47. Kf4 Kh6 48. Rg2 Rf8 49. Kf5 a5 50. c4 Rf7 51. Ke6 Rf8 52. d5 cxd5 53. cxd5 f5 54. d6 f4 55. Ke7 Rf5 56. d7 Re5+ 57. Kd6 1/2-1/2

[Event "FIDE WCC Blitz Women 2019"]
[Site "Moscow"]
[Date "2019.12.30"]
[Round "15.3"]
[White "Bodnaruk, Anastasia"]
[Black "Koneru, Humpy"]
[Result "1-0"]
[WhiteElo "2375"]
[BlackElo "2489"]
[Annotator "ChessBase"]
[PlyCount "107"]
[EventDate "2019.12.29"]
[EventType "swiss"]
[EventCountry "RUS"]
[SourceTitle "playchess.com"]
[Source "ChessBase"]
[SourceQuality "1"]

1. e4 e5 2. Nf3 Nf6 3. d4 Nxe4 4. dxe5 d5 5. Nbd2 Nc5 6. Be2 Be7 7. O-O O-O 8. Re1 Ne6 9. Nf1 c5 10. c3 Nc6 11. Ng3 Nc7 12. Bd3 Re8 13. Bf4 Be6 14. Nf5 Bxf5 15. Bxf5 g6 16. Bd3 Ne6 17. Bh6 Bf8 18. Qd2 Bg7 19. Rad1 Qe7 20. g3 Rad8 21. Bb1 d4 22. c4 a6 23. Bd3 Nb4 24. Bxg7 Kxg7 25. Nh4 Nxd3 26. Qxd3 f5 27. Ng2 Qd7 28. f4 b5 29. b3 bxc4 30. Qxc4 Qb5 31. Rd3 Rb8 32. Rc1 Qb7 33. Ne1 a5 34. Nf3 Qe4 35. Re1 Qb7 36. Kf2 Qa7 37. Rc1 Rb4 38. Qd5 Qe7 39. Rd2 Rd8 40. Qc6 Rdb8 41. Rdc2 R4b6 42. Qd5 Rd8 43. Qc4 Rb4 44. Qd3 a4 45. bxa4 Rxa4 46. Rb1 Rda8 47. Rbb2 Ra3 48. Qc4 R8a4 49. Qd5 d3 50. Rb7 Nc7 51. Qxc5 Qxc5+ 52. Rxc5 Rxa2+ 53. Ke3 d2 54. Rcxc7+ 1-0

[Event "FIDE WCC Blitz Women 2019"]
[Site "Moscow"]
[Date "2019.12.30"]
[Round "15.4"]
[White "Galliamova, Alisa"]
[Black "Lei, Tingjie"]
[Result "1/2-1/2"]
[WhiteElo "2415"]
[BlackElo "2543"]
[Annotator "TA"]
[PlyCount "112"]
[EventDate "2019.12.29"]
[EventType "swiss"]
[EventCountry "RUS"]
[SourceTitle "playchess.com"]
[Source "ChessBase"]
[SourceQuality "1"]

1. d4 Nf6 2. g3 c5 3. d5 d6 4. Bg2 g6 5. c4 Bg7 6. Nc3 O-O 7. e4 a6 8. Nge2 b5 9. cxb5 axb5 10. Nxb5 Ba6 11. Nbc3 Nbd7 12. O-O Qb6 13. Qc2 Rfb8 14. Rd1 Ng4 15. Rb1 Nge5 16. b3 c4 17. Be3 Qc7 18. b4 Nd3 19. b5 Bc8 20. a4 N7c5 21. Nd4 Bd7 22. Nc6 Bxc6 23. dxc6 Bxc3 24. Qxc3 Rxa4 25. Bxc5 Nxc5 26. Rd4 Ra5 27. e5 Raxb5 28. Rxb5 Rxb5 29. exd6 exd6 30. h4 Nd3 31. Rxc4 Rb1+ 32. Kh2 Ne5 33. Ra4 Rb8 34. Bd5 h5 35. Kg2 Rc8 36. Ra6 Rb8 37. Qd4 Rb5 38. Be4 Rc5 39. Ra8+ Kh7 40. f4 Rxc6 41. fxe5 dxe5 42. Qd8 Qxd8 43. Rxd8 Rc4 44. Bd5 Rc2+ 45. Kf3 Rd2 46. Rd7 Kh6 47. Ke4 Re2+ 48. Kd3 Re1 49. Rxf7 Rd1+ 50. Kc4 Rd4+ 51. Kc5 Rd3 52. Rf3 Rxf3 53. Bxf3 g5 54. hxg5+ Kxg5 55. Kd5 h4 56. gxh4+ Kxh4 1/2-1/2

[Event "FIDE WCC Blitz Women 2019"]
[Site "Moscow"]
[Date "2019.12.30"]
[Round "15.5"]
[White "Kosteniuk, Alexandra"]
[Black "Tan, Zhongyi"]
[Result "1/2-1/2"]
[WhiteElo "2521"]
[BlackElo "2480"]
[Annotator "TA"]
[PlyCount "225"]
[EventDate "2019.12.29"]
[EventType "swiss"]
[EventCountry "RUS"]
[SourceTitle "playchess.com"]
[Source "ChessBase"]
[SourceQuality "1"]

1. e4 d6 2. d4 Nf6 3. Nc3 g6 4. Nf3 Bg7 5. Be2 a6 6. O-O O-O 7. Re1 Nc6 8. d5 Ne5 9. Nxe5 dxe5 10. Bg5 h6 11. Bh4 e6 12. Bg3 Qd6 13. Bc4 exd5 14. exd5 Nh5 15. Bh4 f5 16. Be7 Qd7 17. Bxf8 Kxf8 18. Qd2 Qd6 19. Bb3 Bd7 20. f3 Re8 21. Rad1 Nf4 22. Ne2 Nh5 23. Ng3 Nf6 24. c4 Kg8 25. Qc2 b6 26. Re2 Kh7 27. Rde1 h5 28. Qd2 h4 29. Nf1 Bh6 30. Qc3 e4 31. Bc2 Bg7 32. Qd2 Bh6 33. Qd4 Bg7 34. Qf2 exf3 35. Rxe8 Bxe8 36. gxf3 Qf4 37. Bd3 b5 38. Qe3 Qd6 39. b3 bxc4 40. bxc4 Ba4 41. Qe7 Qf4 42. Kh1 Nh5 43. Qe3 Qd6 44. Qe6 Qf4 45. Qe3 Qd6 46. Rb1 Nf4 47. Be2 Nxe2 48. Qxe2 Qf4 49. c5 Bb5 50. Qf2 Bd4 51. Qg2 Bc4 52. d6 cxd6 53. cxd6 Qxd6 54. Rd1 Qe5 55. Qd2 Bc5 56. Qd7+ Kh6 57. Qd2+ f4 58. Re1 Qf5 59. Re4 Bxf1 60. Rxf4 Qd3 61. Rxh4+ Kg7 62. Qh6+ Kf7 63. Qf4+ Ke6 64. Qe4+ Qxe4 65. Rxe4+ Kf5 66. Re1 Bb5 67. Kg2 Bd4 68. Rd1 Be5 69. Rd5 g5 70. Rc5 Bd3 71. a4 Kf4 72. Rc6 Be2 73. Kf2 Bxf3 74. Rxa6 Bd4+ 75. Ke1 g4 76. Re6 Bg1 77. Rh6 Kg5 78. Rh8 Bd4 79. Rg8+ Kh4 80. Kd2 Kh3 81. a5 Kxh2 82. a6 g3 83. Kd3 Bf2 84. Rh8+ Kg1 85. Rf8 Bc6 86. Ke2 Bb5+ 87. Kf3 Bxa6 88. Rg8 Bb7+ 89. Ke2 Kg2 90. Rg7 Bf3+ 91. Kd3 Kg1 92. Rf7 Bc6 93. Rg7 g2 94. Ke2 Bb5+ 95. Kf3 Bc6+ 96. Ke2 Bd4 97. Rg4 Ba7 98. Rg6 Bb5+ 99. Kf3 Bf1 100. Rg7 Bb8 101. Rg8 Bh2 102. Rg6 Kh1 103. Kf2 Bg1+ 104. Kf3 Bd4 105. Rh6+ Kg1 106. Rd6 Bc5 107. Rg6 Ba3 108. Rg8 Bd6 109. Rg6 Be5 110. Rg5 Bf6 111. Rg6 Bd4 112. Rg4 Bf6 113. Ke4 1/2-1/2

[Event "FIDE WCC Blitz Women 2019"]
[Site "Moscow"]
[Date "2019.12.30"]
[Round "15.6"]
[White "Abdumalik, Zhansaya"]
[Black "Khademalsharieh, Sarasadat"]
[Result "1/2-1/2"]
[WhiteElo "2415"]
[BlackElo "2463"]
[Annotator "ChessBase"]
[PlyCount "79"]
[EventDate "2019.12.29"]
[EventType "swiss"]
[EventCountry "RUS"]
[SourceTitle "playchess.com"]
[Source "ChessBase"]
[SourceQuality "1"]

1. e4 e5 2. Nf3 Nc6 3. Bb5 a6 4. Ba4 Nf6 5. O-O b5 6. Bb3 Bc5 7. c3 d6 8. d4 Bb6 9. Be3 Bg4 10. Nbd2 exd4 11. cxd4 O-O 12. h3 Bh5 13. Qb1 d5 14. e5 Ne4 15. Nxe4 dxe4 16. Qxe4 Bxf3 17. gxf3 Nxd4 18. Rad1 c5 19. Kh2 Kh8 20. Bxd4 cxd4 21. Rg1 Qe7 22. f4 f6 23. Bc2 g6 24. e6 Rad8 25. f5 Bc7+ 26. Kh1 Qd6 27. Rg2 Rg8 28. Qh4 g5 29. Qh6 Qe7 30. Bd3 Be5 31. Rdg1 Bf4 32. h4 Qg7 33. Qxg7+ Kxg7 34. hxg5 fxg5 35. f3 Kf6 36. Rc2 Rc8 37. Rgg2 h5 38. Rge2 g4 39. fxg4 hxg4 40. Kg2 1/2-1/2

[Event "FIDE WCC Blitz Women 2019"]
[Site "Moscow"]
[Date "2019.12.30"]
[Round "15.7"]
[White "Stefanova, Antoaneta"]
[Black "Ushenina, Anna"]
[Result "1-0"]
[WhiteElo "2452"]
[BlackElo "2424"]
[Annotator "ChessBase"]
[PlyCount "109"]
[EventDate "2019.12.29"]
[EventType "swiss"]
[EventCountry "RUS"]
[SourceTitle "playchess.com"]
[Source "ChessBase"]
[SourceQuality "1"]

1. Nf3 d5 2. g3 Nf6 3. Bg2 e6 4. O-O b6 5. d3 Bb7 6. Nbd2 c5 7. e4 Be7 8. Qe2 Nc6 9. e5 Nd7 10. Re1 h6 11. Nf1 b5 12. h4 a5 13. a4 bxa4 14. Rxa4 Nb6 15. Ra1 a4 16. Bf4 Ba6 17. Qd2 Qd7 18. N1h2 c4 19. d4 Bb4 20. c3 Be7 21. h5 Na5 22. Ra2 Nb3 23. Qd1 Bb5 24. Nd2 Nxd2 25. Bxd2 a3 26. bxa3 Ba4 27. Qg4 Bf8 28. f4 Bb3 29. Raa1 Na4 30. Rf1 Bc2 31. Qf3 Be4 32. Qf2 Bxg2 33. Kxg2 Nb2 34. Ng4 Nd3 35. Qf3 Be7 36. Ne3 f5 37. exf6 Bxf6 38. f5 Ra5 39. fxe6 Qxe6 40. Qg4 Qxg4 41. Nxg4 Be7 42. a4 Rf8 43. Rxf8+ Bxf8 44. Ne3 Be7 45. Kf3 Kd7 46. Rb1 Rxa4 47. Nxd5 Ra2 48. Be3 Bf8 49. Nb6+ Ke6 50. Nxc4 Rc2 51. Rb3 Ne1+ 52. Ke4 Ng2 53. d5+ Kd7 54. Bd4 Be7 55. Rb7+ 1-0